Madhumakhi palan parichay and prabandhan (Record no. 43641)

MARC details
000 -LEADER
fixed length control field 00280nam a22001217a 4500
003 - CONTROL NUMBER IDENTIFIER
control field OSt
008 - FIXED-LENGTH DATA ELEMENTS--GENERAL INFORMATION
fixed length control field 240807b |||||||| |||| 00| 0 eng d
100 ## - MAIN ENTRY--PERSONAL NAME
Personal name Kumar Neeraj
245 ## - TITLE STATEMENT
Title Madhumakhi palan parichay and prabandhan
260 ## - PUBLICATION, DISTRIBUTION, ETC. (IMPRINT)
Place of publication, distribution, etc pusa
Date of publication, distribution, etc 2017
300 ## - PHYSICAL DESCRIPTION
Extent 90
942 ## - ADDED ENTRY ELEMENTS (KOHA)
Source of classification or shelving scheme
Koha item type Donated Books
Holdings
Withdrawn status Lost status Source of classification or shelving scheme Damaged status Not for loan Home library Current library Date acquired Total Checkouts Barcode Date last seen Bill Date Koha item type
          Dr. Rajendra Prasad Central Agricultural University Pusa, Dr. Rajendra Prasad Central Agricultural University Pusa, 07/08/2024   80189 07/08/2024 07/08/2024 Donated Books
          Dr. Rajendra Prasad Central Agricultural University Pusa, Dr. Rajendra Prasad Central Agricultural University Pusa, 07/08/2024   80190 07/08/2024 07/08/2024 Donated Books
Hosted, Implemented, Customized & Maintained by: BestBookBuddies

Powered by Koha